000 00300 a2200145 4500
001 187319
020 _a85-305-0463-1
040 _cMagnum
100 _aCunha, Leo
240 1 0 _aLápis encantado
_lpor
245 1 0 _aLápis encantado
300 _a31
697 _aLITERATURA INFANTO
942 _cBK
999 _c187319
_d187319